000 00430nam a2200205Ia 4500
001 003025
003 YMCAF
005 20230512160202.0
008 100717s1970 ||||||||||||||||| ||und|d
024 _a3025
035 _a3001
040 _aYMCAF
_beng
_cIN-KoLT
041 _aeng
082 _aATO-LIT
100 _aLITTLE FIELD
245 0 _aATOMIC OF NACLEAR PHYSICS
260 _c1970
300 _a400
942 _2ddc
_cBK
999 _c2344
_d2344